NBA Top 10 Worst Teams All-Time - Statistics

General Stats
  • This quiz has been taken 73 times
  • The average score is 3 of 15
Answer Stats
Player % Correct
Charlotte Bobcats 2011-12
69%
Philadelphia 76ers 2015-16
51%
Cleveland Cavaliers 2010-11
28%
New York Knicks 2018-19
28%
New Jersey Nets 2009-10
24%
Sacramento Kings 2008-09
24%
Chicago Bulls 2001-02
19%
Dallas Mavericks 1992-93
16%
Los Angeles Clippers 1986-87
16%
Philadelphia 76ers 1972-73
16%
Vancouver Grizzlies 1995-96
16%
Atlanta Hawks 2004-05
13%
Denver Nuggets 1997-98
12%
Miami Heat 1988-89
7%
Houston Rockets 1982-83
6%
No matching quizzes found
Score Distribution
Percent of People with Each Score
Percentile by Number Answered
Your Score History
You have not taken this quiz